|
|
|
|
| LEADER |
00000nab a2200000ua 4500 |
| 001 |
vtls010837602 |
| 003 |
SK-MaSNL |
| 005 |
20260303135422.0 |
| 008 |
230218s2002 xo |||||||||||||||||slo| |
| 035 |
|
|
|a (urnnbn)urn:nbn:sk:snk:ar-a06uiz
|
| 035 |
|
|
|a urn:nbn:sk:snk-ab611x
|
| 035 |
|
|
|a (uuid)656ec908-1f72-4116-9f96-5748718493e0
|
| 040 |
|
|
|a SNKBUCL
|b slo
|c SNKBUCL
|e AACR2
|
| 041 |
0 |
|
|a slo
|
| 044 |
|
|
|a xo
|c SK
|
| 100 |
1 |
|
|a Valent, Ferdinand,
|d 1940-
|4 aut
|9 22048
|
| 245 |
1 |
0 |
|a Selektívne istenie domových rozvodov
|c Ferdinand Valent
|
| 773 |
0 |
|
|t EE : časopis pre elektrotechniku a energetiku
|g Roč. 8, č. 6 (2002), s. 10-12
|
| 954 |
|
|
|a odborná, vedecká literatúra pôvodná (slovenská)
|2 lita
|
| 958 |
|
|
|a OND
|
| 958 |
|
|
|a EUIPO
|
| 958 |
|
|
|a article5
|
| 999 |
|
|
|c 1965677
|d 1967607
|